[Event "9th Sunway Sitges 2022"]
[Site "Sitges ESP"]
[Date "2022.12.17"]
[Round "6.31"]
[White "Bhambure, Shantanu"]
[Black "Nigmatov, Ortik"]
[Result "1/2-1/2"]
[WhiteTitle "FM"]
[BlackTitle "IM"]
[WhiteElo "2306"]
[BlackElo "2439"]
[WhiteFideId "5025931"]
[BlackFideId "14202131"]
[EventDate "2022.12.12"]

1. d4 Nf6 2. c4 e6 3. Nc3 Bb4 4. Bd2 d5 5. e3 O-O 6. Nf3 b6 7. cxd5 exd5 8. Bd3
Bb7 9. Qc2 a6 10. a3 Bd6 11. g4 Re8 12. O-O-O Nbd7 13. h4 c5 14. Ng5 Nf8 15. f3
b5 16. Kb1 Rc8 17. Bf5 Rc7 18. dxc5 Bxc5 19. Rhe1 Bd6 20. Qb3 g6 21. Bc2 Bg3 22.
Rh1 h6 23. Ne2 Be5 24. Nh3 Rc8 25. Nd4 N6d7 26. h5 Nc5 27. Qa2 Bg7 28. g5 hxg5
29. Rdg1 Bf6 30. hxg6 fxg6 31. f4 Bxd4 32. exd4 Re2 33. dxc5 Rxd2 34. Nxg5 Qe7
35. Qb3 Rxc5 36. Be4 Rc4 37. Qe3 Rcc2 38. Bxd5+ Bxd5 39. Qxe7 Rxb2+ 40. Kc1
Rbc2+ 41. Kb1 Rb2+ 1/2-1/2

[Event "9th Sunway Sitges 2022"]
[Site "Sitges ESP"]
[Date "2022.12.17"]
[Round "6.32"]
[White "Boyer, Mahel"]
[Black "Harshad, S"]
[Result "0-1"]
[WhiteTitle "IM"]
[BlackTitle "FM"]
[WhiteElo "2434"]
[BlackElo "2202"]
[WhiteFideId "45102422"]
[BlackFideId "46616551"]
[EventDate "2022.12.12"]

1. e4 c5 2. Nf3 d6 3. d4 cxd4 4. Nxd4 Nf6 5. Nc3 a6 6. Rg1 e5 7. Nb3 Be6 8. g4
d5 9. exd5 Nxd5 10. Nxd5 Qxd5 11. Qxd5 Bxd5 12. Be3 Nc6 13. O-O-O O-O-O 14. Bb6
Rd6 15. Rg3 Be6 16. Nc5 Rxd1+ 17. Kxd1 Bxc5 18. Bxc5 Kc7 19. h3 g6 20. Bg2 Rd8+
21. Kc1 Bd5 22. Bf1 f5 23. gxf5 gxf5 24. Rg7+ Rd7 25. Rg5 Bf3 26. Bd3 f4 27. b3
e4 28. Bc4 b6 29. Bf8 e3 30. fxe3 Rd1+ 31. Kb2 fxe3 32. Rg7+ Kb8 33. Bxa6 e2 34.
Rb7+ Ka8 35. Bxe2 Kxb7 36. Bxf3 Rf1 37. Bxc6+ Kxc6 38. Be7 h6 39. Bd8 Rf8 40.
Be7 Rf4 41. Bd8 b5 42. Kc3 Rf3+ 43. Kb4 Rxh3 44. c4 bxc4 45. Kxc4 h5 46. b4 h4
47. b5+ Kd7 48. Bf6 Ra3 49. Kb4 h3 50. Kxa3 h2 51. Bd4 h1=Q 52. Kb3 Qd5+ 0-1

[Event "9th Sunway Sitges 2022"]
[Site "Sitges ESP"]
[Date "2022.12.17"]
[Round "6.33"]
[White "Ortega Serra, Marc"]
[Black "Bulmaga, Irina"]
[Result "1-0"]
[BlackTitle "IM"]
[WhiteElo "2291"]
[BlackElo "2432"]
[WhiteFideId "2293137"]
[BlackFideId "13903063"]
[EventDate "2022.12.12"]

1. d4 Nf6 2. c4 g6 3. Nc3 Bg7 4. e4 d6 5. f3 O-O 6. Be3 c5 7. Nge2 Nc6 8. Qd2
Bd7 9. dxc5 dxc5 10. Bxc5 Qa5 11. Be3 Rfd8 12. Nd5 Qxd2+ 13. Bxd2 Ne8 14. Bc3 e6
15. Ne3 Ne5 16. Nd4 Ba4 17. Kf2 Nxc4 18. Bxc4 Bxd4 19. Bxd4 Rxd4 20. b3 Bc6 21.
Rhd1 Rad8 22. Rxd4 Rxd4 23. Ke1 Kf8 24. Rc1 Ke7 25. Nc2 Rd8 26. Nb4 Bd7 27. Be2
g5 28. Kf2 Rc8 29. Rxc8 Bxc8 30. Ke3 Kd6 31. Kd4 e5+ 32. Kc3 Nc7 33. Nc2 Ne6 34.
Ne3 Nd4 35. Bc4 Be6 36. Bxe6 Kxe6 37. Kc4 h5 38. Nd5 f5 39. Nc7+ Kd7 40. Nb5
Nxb5 41. Kxb5 Kd6 42. b4 g4 43. h3 gxf3 44. gxf3 h4 45. a3 Ke6 46. Kc5 b6+ 47.
Kc6 Kf6 48. Kd5 b5 49. Kd6 fxe4 50. fxe4 Kg5 51. Kxe5 a6 52. Kd6 Kf4 53. e5 Kg3
54. e6 1-0

[Event "9th Sunway Sitges 2022"]
[Site "Sitges ESP"]
[Date "2022.12.17"]
[Round "6.34"]
[White "Ajay, Karthikeyan"]
[Black "Romero Calduch, Sergio"]
[Result "1-0"]
[WhiteTitle "IM"]
[WhiteElo "2430"]
[BlackElo "2258"]
[WhiteFideId "35011685"]
[BlackFideId "2246848"]
[EventDate "2022.12.12"]

1. e4 c6 2. d4 d5 3. exd5 cxd5 4. Bd3 Nc6 5. c3 Nf6 6. Bf4 g6 7. Nf3 Bf5 8. Bxf5
gxf5 9. h3 Rg8 10. O-O Ne4 11. c4 Qd7 12. Nc3 Nxc3 13. bxc3 e6 14. Re1 O-O-O 15.
c5 f6 16. Rb1 Re8 17. c4 Be7 18. Qb3 Na5 19. Qb5 Bd8 20. Qxd7+ Kxd7 21. cxd5
exd5 22. Kf1 Re4 23. g3 b6 24. Nh4 Rxd4 25. cxb6 axb6 26. Nxf5 Rd3 27. Red1
Rxd1+ 28. Rxd1 Nc4 29. Rxd5+ Ke6 30. Rb5 Be7 31. Ne3 Nxe3+ 32. Bxe3 Bc5 33. Bxc5
bxc5 34. Rxc5 Ra8 35. Rh5 Rxa2 36. Rxh7 f5 37. Rh4 Rb2 38. Kg2 Kf6 39. Rh5 Rb4
40. Rh4 Rb3 41. Ra4 Kg6 42. g4 fxg4 43. hxg4 Kg5 44. Re4 Ra3 45. f3 Kh4 46. Kf2
Rb3 47. Re5 Rb2+ 48. Ke3 Kg3 49. Rf5 1-0

[Event "9th Sunway Sitges 2022"]
[Site "Sitges ESP"]
[Date "2022.12.17"]
[Round "6.35"]
[White "Md Imran"]
[Black "Sammed Jaykumar, Shete"]
[Result "0-1"]
[WhiteTitle "CM"]
[BlackTitle "IM"]
[WhiteElo "2279"]
[BlackElo "2430"]
[WhiteFideId "25748580"]
[BlackFideId "5073421"]
[EventDate "2022.12.12"]

1. d4 c5 2. d5 Nf6 3. Nf3 e6 4. Nc3 b5 5. Bg5 Qb6 6. dxe6 dxe6 7. e4 b4 8. Na4
Qa5 9. e5 h6 10. Bh4 g5 11. exf6 gxh4 12. b3 Nd7 13. Nxh4 Bb7 14. Qh5 Rg8 15.
O-O-O Nxf6 16. Qe5 Nd5 17. Bc4 O-O-O 18. Bxd5 Bxd5 19. Rhe1 Bd6 20. Qe2 Rd7 21.
Kb1 c4 22. Nf3 Rc7 23. Qe3 Rxg2 24. Rg1 Rxg1 25. Rxg1 Kb7 26. Rd1 Qa6 27. Ne5
Bxe5 28. Qxe5 Qc6 29. Qb2 a5 30. Rd4 e5 31. Rd1 Bf3 32. Rd8 Qf6 33. Re8 c3 34.
Qc1 Qd6 35. Rh8 h5 36. a3 Rd7 37. axb4 axb4 38. Ka2 Qd2 39. Qb1 Rd5 40. Rf8 Bd1
41. Rxf7+ Kc6 42. Rf6+ Kc7 43. Nb6 Ra5+ 0-1

[Event "9th Sunway Sitges 2022"]
[Site "Sitges ESP"]
[Date "2022.12.17"]
[Round "6.36"]
[White "Prraneeth, Vuppala"]
[Black "Sherman, Reem"]
[Result "1-0"]
[WhiteTitle "IM"]
[WhiteElo "2427"]
[BlackElo "2179"]
[WhiteFideId "46622373"]
[BlackFideId "2822288"]
[EventDate "2022.12.12"]

1. d4 Nf6 2. c4 g6 3. h4 Bg7 4. Nc3 c5 5. d5 d6 6. e4 e6 7. Be2 exd5 8. exd5
Nbd7 9. Bf4 Ne5 10. Nf3 Nfg4 11. Nxe5 Nxe5 12. h5 Qe7 13. h6 Bf6 14. Ne4 O-O 15.
Nxf6+ Qxf6 16. Qd2 Qe7 17. O-O f6 18. Rae1 Qd7 19. Bg3 Qa4 20. b3 Qb4 21. Qb2
Bf5 22. f4 Nd7 23. Bh4 Rae8 24. g4 Be4 25. g5 Bf5 26. gxf6 Kf7 27. Bf3 b5 28.
Re7+ Rxe7 29. fxe7 Rg8 30. Be1 1-0

[Event "9th Sunway Sitges 2022"]
[Site "Sitges ESP"]
[Date "2022.12.17"]
[Round "6.37"]
[White "Cheng, Bobby"]
[Black "Ilamparthi, A R"]
[Result "1/2-1/2"]
[WhiteTitle "GM"]
[WhiteElo "2583"]
[BlackElo "2336"]
[WhiteFideId "4300033"]
[BlackFideId "45015775"]
[EventDate "2022.12.12"]

1. d4 Nf6 2. c4 g6 3. Nc3 Bg7 4. e4 d6 5. h3 O-O 6. Be3 Nbd7 7. Nf3 e5 8. Bd3
exd4 9. Nxd4 Nc5 10. O-O Re8 11. Qc2 b6 12. Rad1 Bb7 13. f3 Nh5 14. b4 Nd7 15.
Nde2 a5 16. a3 axb4 17. axb4 Ne5 18. Nd5 b5 19. Ndf4 Nxf4 20. Nxf4 bxc4 21. Bxc4
Nxc4 22. Qxc4 Qb8 23. Rfe1 Ba6 24. Qc2 Bb5 25. Qd2 Bc4 26. Bd4 Be5 27. Ra1 Qb5
28. Kh1 Reb8 29. Bc3 Rxa1 30. Rxa1 Bxc3 31. Qxc3 Qxb4 32. Qxb4 Rxb4 33. Ra7 c5
34. Rd7 Rb6 35. Rc7 Kg7 36. e5 dxe5 37. Rxc5 exf4 38. Rxc4 g5 39. Kh2 Kg6 40.
Rc5 Rb2 41. Rc6+ f6 42. Rc4 Re2 43. Rb4 Kh5 44. Rb6 Kg6 45. Rb4 h5 46. Ra4 Kf5
47. Rb4 Rd2 48. Ra4 Ke5 49. Re4+ Kf5 50. Ra4 Ke6 51. Re4+ Kf7 52. Ra4 Re2 53.
Kg1 Kg6 54. Ra5 Re6 55. Kh2 Re5 56. Ra4 Kf5 57. Kg1 Rd5 58. Rb4 Ke5 59. Re4+ Kd6
60. Re8 Re5 61. Rh8 h4 62. Rd8+ Ke7 1/2-1/2

[Event "9th Sunway Sitges 2022"]
[Site "Sitges ESP"]
[Date "2022.12.17"]
[Round "6.38"]
[White "Alsina Leal, Daniel"]
[Black "Heinemann, Josefine"]
[Result "1-0"]
[WhiteTitle "GM"]
[BlackTitle "WGM"]
[WhiteElo "2527"]
[BlackElo "2332"]
[WhiteFideId "2252627"]
[BlackFideId "12900460"]
[EventDate "2022.12.12"]

1. e4 e5 2. Nf3 Nc6 3. d4 exd4 4. Bc4 Bc5 5. Ng5 Nh6 6. Bxf7+ Nxf7 7. Nxf7 Kxf7
8. Qh5+ g6 9. Qxc5 d5 10. O-O dxe4 11. c3 Qd6 12. Qxd6 cxd6 13. cxd4 Be6 14. Nc3
Bc4 15. Re1 d5 16. b3 Bd3 17. Nxd5 Nxd4 18. Bb2 Rhd8 19. Bxd4 Rxd5 20. Be3 b6
21. Rec1 Rad8 22. h3 h5 23. Kh2 h4 24. Rc7+ R8d7 25. Rac1 Ke6 26. Rc8 Rd8 27.
R1c6+ R5d6 28. Rxd6+ Rxd6 29. Rh8 Rd5 30. Rxh4 Ra5 31. Rh6 Kf6 32. Bd4+ Kf7 33.
Rh7+ Ke6 34. a4 Bc2 35. Bc3 Rf5 36. Rxa7 Rxf2 37. Bd4 Rd2 38. Bxb6 Bxb3 39. Be3
Re2 40. Ra6+ Kf5 41. Ra5+ Ke6 42. Bd4 Ra2 43. Re5+ Kf7 44. a5 Bc4 45. Kg1 Bd3
46. g4 Re2 47. g5 Ra2 48. h4 Rc2 49. Bc5 Kg8 50. Bf2 Re2 51. Re6 e3 52. Bxe3 Bf5
53. Re5 Bd3 54. Bd4 Rxe5 55. Bxe5 Kf7 56. Kf2 Ke6 57. Ke3 Bf1 58. Kd4 Be2 59.
Bg3 Kd7 60. Kc5 Kc8 61. Kb6 Bf3 62. a6 Kd7 63. Bh2 Bg2 64. Ka7 Kc8 65. h5 gxh5
66. g6 Kd7 67. g7 Bd5 68. Kb6 1-0

[Event "9th Sunway Sitges 2022"]
[Site "Sitges ESP"]
[Date "2022.12.17"]
[Round "6.39"]
[White "Reprintsev, Alexander"]
[Black "Nevednichy, Vladislav"]
[Result "0-1"]
[WhiteTitle "IM"]
[BlackTitle "GM"]
[WhiteElo "2330"]
[BlackElo "2502"]
[WhiteFideId "14100541"]
[BlackFideId "1205730"]
[EventDate "2022.12.12"]

1. e4 c5 2. b3 g6 3. Bb2 Nf6 4. e5 Nd5 5. Nc3 Nxc3 6. dxc3 Nc6 7. Qd5 e6 8. Qe4
Qc7 9. f4 d6 10. exd6 Bxd6 11. g3 O-O 12. O-O-O e5 13. fxe5 Nxe5 14. Bg2 Rb8 15.
c4 Bf5 16. Qd5 Rfd8 17. Ne2 Nc6 18. a3 Qe7 19. Qf3 Be5 20. Rd5 Rxd5 21. cxd5
Bxb2+ 22. Kxb2 Ne5 23. Qf2 Ng4 24. Qf3 Ne3 25. Nc3 b5 26. Qf4 Re8 27. d6 Nxg2
28. dxe7 Nxf4 29. gxf4 Rxe7 30. Nxb5 Re2 31. Rc1 Rxh2 32. Nxa7 h5 33. b4 cxb4
34. axb4 h4 35. b5 h3 36. b6 Be4 37. Kc3 Rg2 38. Kd4 Bb7 0-1

[Event "9th Sunway Sitges 2022"]
[Site "Sitges ESP"]
[Date "2022.12.17"]
[Round "6.40"]
[White "Pourkashiyan, Atousa"]
[Black "Clarke, Brandon G I"]
[Result "1-0"]
[WhiteTitle "WGM"]
[BlackTitle "IM"]
[WhiteElo "2321"]
[BlackElo "2484"]
[WhiteFideId "12502014"]
[BlackFideId "400319"]
[EventDate "2022.12.12"]

1. e4 c5 2. Nf3 d6 3. d4 cxd4 4. Nxd4 Nf6 5. Nc3 a6 6. Bg5 e6 7. f4 b5 8. e5
dxe5 9. fxe5 Qc7 10. Qe2 Bb4 11. exf6 Bxc3+ 12. bxc3 Qxc3+ 13. Qd2 Qxa1+ 14. Kf2
O-O 15. fxg7 Re8 16. Bxb5 Qxh1 17. Bxe8 Qxh2 18. Qb4 Kxg7 19. Qe7 Qh5 20. Bf6+
Kg8 21. Bc6 1-0

[Event "9th Sunway Sitges 2022"]
[Site "Sitges ESP"]
[Date "2022.12.17"]
[Round "6.41"]
[White "Sousa, Andre Ventura"]
[Black "Priyanka, Nutakki"]
[Result "1-0"]
[WhiteTitle "IM"]
[BlackTitle "WGM"]
[WhiteElo "2466"]
[BlackElo "2316"]
[WhiteFideId "1917617"]
[BlackFideId "25049615"]
[EventDate "2022.12.12"]

1. d4 d5 2. c4 e6 3. Nc3 Nf6 4. Nf3 Be7 5. Bf4 O-O 6. e3 b6 7. Bd3 dxc4 8. Bxc4
Ba6 9. Bxa6 Nxa6 10. Qa4 Qc8 11. O-O c5 12. Rac1 Qb7 13. a3 Rfd8 14. Nb5 Nd5 15.
Bg3 Nb8 16. dxc5 bxc5 17. Rfd1 Nc6 18. e4 Nb6 19. Qc2 Rac8 20. Rxd8+ Rxd8 21. e5
Qa6 22. Nd6 Nxe5 23. Bxe5 Bxd6 24. Bxd6 Rxd6 25. Qxc5 Qd3 26. h3 h6 27. Qa5 Rd7
28. Ne5 Qf5 29. Qc3 Rd5 30. Nc6 Rd7 31. Ne5 Rd5 32. Nc6 Rd7 33. b4 Rc7 34. Qg3
e5 35. b5 Nd5 36. Kh2 Nf4 37. Rc5 f6 38. Qb3+ Kh8 39. Rc4 Nd3 40. f3 Nf4 41. Qc2
Qg5 42. Ra4 Rc8 43. Qd2 Qf5 44. Rxa7 Qb1 45. a4 Qf1 46. Rd7 h5 47. Ne7 Rc4 48.
Rd8+ Kh7 49. Rh8+ Kxh8 50. Qd8+ Kh7 51. Qg8+ Kh6 52. Qh8+ Kg5 53. Qxg7+ Ng6 54.
Qxg6+ Kf4 55. Nd5# 1-0

[Event "9th Sunway Sitges 2022"]
[Site "Sitges ESP"]
[Date "2022.12.17"]
[Round "6.42"]
[White "Rakhmangulova, Anastasiya"]
[Black "Velten, Paul"]
[Result "0-1"]
[WhiteTitle "WIM"]
[BlackTitle "GM"]
[WhiteElo "2296"]
[BlackElo "2465"]
[WhiteFideId "14117479"]
[BlackFideId "681091"]
[EventDate "2022.12.12"]

1. e4 c6 2. Nc3 d5 3. Nf3 Bg4 4. h3 Bxf3 5. Qxf3 e6 6. Be2 Bc5 7. Qg3 Bd4 8.
exd5 exd5 9. O-O Ne7 10. Bd3 Bf6 11. a4 O-O 12. b3 Ng6 13. Ba3 Re8 14. Rfe1 Be5
15. Qg4 Nd7 16. g3 Nf6 17. Qf3 Qa5 18. Bxg6 hxg6 19. Rad1 Qb6 20. Kg2 Re6 21.
Re2 Rae8 22. Rde1 Qc7 23. h4 Qd7 24. Nd1 Nh5 25. Bb2 d4 26. Qg4 f5 27. Qf3 Nf6
28. Ba3 Ne4 29. d3 Nf6 30. Bc1 Nd5 31. h5 Qf7 32. h6 gxh6 33. Bxh6 a6 34. Bd2 b5
35. a5 Qf6 36. Rh1 Bd6 37. Rxe6 Rxe6 38. Nb2 Qe7 39. Kf1 Bb4 40. Qd1 Bc3 41. Qc1
Re2 42. Bxc3 dxc3 43. Nd1 Re1+ 44. Kg2 Rxh1 45. Kxh1 Qe1+ 46. Kg2 Kg7 47. b4 Kh7
48. Qb1 g5 49. Qc1 Kg6 50. Qb1 f4 51. Qc1 Kf5 52. Kh2 Qf1 53. gxf4 gxf4 0-1

[Event "9th Sunway Sitges 2022"]
[Site "Sitges ESP"]
[Date "2022.12.17"]
[Round "6.43"]
[White "Ayats Llobera, Gerard"]
[Black "Dixit, Nikhil"]
[Result "1-0"]
[WhiteTitle "IM"]
[BlackTitle "FM"]
[WhiteElo "2464"]
[BlackElo "2306"]
[WhiteFideId "32067607"]
[BlackFideId "5059534"]
[EventDate "2022.12.12"]

1. d4 Nf6 2. c4 g6 3. Nc3 Bg7 4. e4 d6 5. Nf3 O-O 6. Be2 Nbd7 7. O-O e5 8. Be3
Qe7 9. d5 c5 10. Ne1 Ne8 11. Nd3 f5 12. f3 f4 13. Bf2 g5 14. b4 b6 15. Qa4 cxb4
16. Qxb4 Nc5 17. Qb1 h5 18. Nb4 g4 19. Nc6 Qg5 20. Qc1 Bf6 21. Kh1 Kh8 22. Rg1
Qg6 23. Qe1 h4 24. fxg4 Bxg4 25. Bxg4 Qxg4 26. Qd1 Qg6 27. Qf3 Ng7 28. Rge1 Rf7
29. Nb5 Bg5 30. Rab1 Nd7 31. Nbxa7 Nh5 32. Kg1 Rg8 33. Bxb6 h3 34. Re2 Rh7 35.
c5 dxc5 36. Bc7 Bf6 37. Nb5 Qh6 38. Qxh3 f3 39. Rf2 Qg5 40. Nd6 fxg2 41. Rxg2
Qxg2+ 42. Qxg2 Rxg2+ 43. Kxg2 Nf4+ 44. Kh1 c4 45. Nxc4 Nc5 46. Bxe5 Bxe5 47.
N6xe5 Rg7 48. Rf1 Nh3 49. Rf8+ Kh7 50. Rf7 Rxf7 51. Nxf7 Nf2+ 52. Kg2 Nfxe4 53.
d6 Nc3 54. a3 Nb5 55. Nfe5 Kg7 56. d7 Nb7 57. Nc6 Kf7 58. d8=Q Nxd8 59. Nxd8+
Kf6 60. Nc6 Kg5 61. a4 Nc7 62. a5 Kh4 63. Nb4 1-0

[Event "9th Sunway Sitges 2022"]
[Site "Sitges ESP"]
[Date "2022.12.17"]
[Round "6.44"]
[White "Fernandez Guillen, Ernesto J."]
[Black "Gong, Qianyun"]
[Result "1-0"]
[WhiteTitle "IM"]
[BlackTitle "WGM"]
[WhiteElo "2462"]
[BlackElo "2299"]
[WhiteFideId "3512428"]
[BlackFideId "8602425"]
[EventDate "2022.12.12"]

1. e4 c6 2. d4 d5 3. e5 c5 4. dxc5 e6 5. a3 Bxc5 6. b4 Be7 7. Qg4 g6 8. Nf3 a5
9. b5 h5 10. Qg3 Nd7 11. Bd3 h4 12. Qf4 Nh6 13. O-O Nc5 14. a4 Qc7 15. Be3 b6
16. Qd4 Bb7 17. Bxh6 Rxh6 18. h3 O-O-O 19. Qf4 Bf8 20. Nbd2 f5 21. Nb3 Rh7 22.
Nfd4 Bh6 23. Qf3 Qxe5 24. Nxc5 bxc5 25. Nc6 Bxc6 26. bxc6 c4 27. Rab1 Bd2 28.
Rb5 Qd6 29. Rd1 Bb4 30. Bxc4 Qxc6 31. c3 Bd6 32. Be2 Bc7 33. Qe3 Rg7 34. Kf1 Rd6
35. Rdb1 Re7 36. Qa7 Qxc3 37. Rc5 1-0

[Event "9th Sunway Sitges 2022"]
[Site "Sitges ESP"]
[Date "2022.12.17"]
[Round "6.45"]
[White "Goh, Wei Ming Kevin"]
[Black "Pogorelov, Ruslan"]
[Result "1-0"]
[WhiteTitle "GM"]
[BlackTitle "GM"]
[WhiteElo "2452"]
[BlackElo "2288"]
[WhiteFideId "5800706"]
[BlackFideId "14100363"]
[EventDate "2022.12.12"]

1. d4 Nf6 2. Bf4 e6 3. e3 b6 4. Qf3 d5 5. Nc3 Bb7 6. Nge2 a6 7. g4 Bd6 8. g5 Ne4
9. Nxe4 dxe4 10. Qg3 Bxf4 11. Nxf4 Qd6 12. O-O-O Nd7 13. d5 exd5 14. Nxd5 Qxg3
15. hxg3 O-O-O 16. Bg2 Ne5 17. Bxe4 Kb8 18. Nc3 Rde8 19. Bxb7 Kxb7 20. Rd5 c6
21. Rd4 Kc7 22. Re4 Kd6 23. f4 Ng4 24. Rh4 Nxe3 25. Rxe8 Rxe8 26. Rxh7 Rg8 27.
Rh1 Re8 28. b3 g6 29. Re1 Re6 30. Kd2 Nf5 31. Ne4+ Ke7 32. c3 Kf8 33. g4 Nd6 34.
Kd3 Ke7 35. Re3 Kf8 36. Ng3 Rxe3+ 37. Kxe3 Ke7 38. f5 Nb5 39. Ne4 a5 40. Kf4 Nd6
41. Nxd6 Kxd6 42. Ke4 b5 43. Kd4 a4 44. bxa4 bxa4 45. c4 c5+ 46. Ke4 a3 47. Kf4
Kc7 48. Ke5 Kc6 49. Kf6 1-0

[Event "9th Sunway Sitges 2022"]
[Site "Sitges ESP"]
[Date "2022.12.17"]
[Round "6.46"]
[White "Baenziger, Fabian"]
[Black "Castellanos Gomez, Alejandro"]
[Result "0-1"]
[WhiteTitle "IM"]
[BlackTitle "FM"]
[WhiteElo "2426"]
[BlackElo "2277"]
[WhiteFideId "1330110"]
[BlackFideId "22284141"]
[EventDate "2022.12.12"]

1. d4 d5 2. c4 e6 3. Nf3 Nf6 4. g3 Bb4+ 5. Bd2 Be7 6. Bg2 O-O 7. O-O c6 8. Qc2
b6 9. Bf4 Bb7 10. Rd1 Nbd7 11. Ne5 Rc8 12. Nc3 Nh5 13. Bc1 f5 14. Nxd7 Qxd7 15.
Qa4 Nf6 16. Bf4 a6 17. Qc2 b5 18. c5 a5 19. a4 b4 20. Na2 h6 21. Nc1 g5 22. Bd2
Bd8 23. Nd3 Qg7 24. Ne5 Bc7 25. f3 Nd7 26. Nxd7 Qxd7 27. f4 Qg7 28. Qd3 Rf6 29.
Kf2 Ra8 30. Be3 Rg6 31. Bf3 Qf6 32. Rh1 gxf4 33. Bxf4 Bxf4 34. gxf4 Qh4+ 35. Ke3
Ba6 36. Qd2 e5 37. dxe5 d4+ 38. Qxd4 Rd8 39. Rad1 Rxd4 40. Rxd4 Qe7 41. Bh5 Re6
42. Rg1+ Kh7 43. Kd2 Qxc5 44. Bg6+ Kh8 45. e3 Qf8 46. Bxf5 Re8 47. Bd7 Rd8 48.
f5 Bc8 49. Bxc8 Rxd4+ 50. exd4 Qxc8 51. f6 Qf5 52. Ke3 Qh3+ 53. Ke4 Qh4+ 54. Kd3
Qf4 55. Re1 Qf5+ 56. Kd2 Qf2+ 57. Re2 Qxd4+ 58. Ke1 Qg1+ 59. Kd2 Qd4+ 60. Ke1
Qh4+ 61. Kd2 Qg5+ 62. Ke1 Qc1+ 63. Kf2 Qf4+ 64. Ke1 Kg8 65. e6 Kf8 66. f7 Qh4+
67. Kd2 Ke7 68. b3 Qd4+ 0-1

[Event "9th Sunway Sitges 2022"]
[Site "Sitges ESP"]
[Date "2022.12.17"]
[Round "6.47"]
[White "Blasco Coll, Andreu"]
[Black "Vitier Vazquez, Cristian"]
[Result "0-1"]
[WhiteTitle "CM"]
[BlackTitle "FM"]
[WhiteElo "2294"]
[BlackElo "2424"]
[WhiteFideId "22272836"]
[BlackFideId "3513157"]
[EventDate "2022.12.12"]

1. d4 d5 2. c4 c6 3. Nc3 Nf6 4. e3 e6 5. Nf3 Nbd7 6. Be2 b6 7. O-O Bb7 8. b3 Bd6
9. Bb2 O-O 10. Bd3 Qe7 11. Re1 c5 12. cxd5 exd5 13. Nb5 Bb8 14. Rc1 g6 15. Nc3
Re8 16. Bf1 Bd6 17. Qd3 Qe6 18. Ne2 Ne4 19. Nf4 Qf5 20. g3 c4 21. bxc4 dxc4 22.
Rxc4 Nxg3 23. hxg3 Qxd3 24. Nxd3 Bxf3 25. Bg2 b5 26. Rc2 Bxg2 27. Kxg2 Nb6 28.
e4 Bf8 29. d5 a5 30. Bd4 Nc4 31. Ree2 Rac8 32. f3 a4 33. Nb2 Nd6 34. g4 h6 35.
g5 Kh7 36. Be3 Rxc2 37. Rxc2 f5 38. Rc7+ Kg8 39. Bf4 fxe4 40. Bxd6 Bxd6 41. Rb7
a3 42. Nd1 e3 0-1

[Event "9th Sunway Sitges 2022"]
[Site "Sitges ESP"]
[Date "2022.12.17"]
[Round "6.48"]
[White "Shaik, Sumer Arsh"]
[Black "Gholami Orimi, Mahdi"]
[Result "0-1"]
[WhiteTitle "CM"]
[BlackTitle "IM"]
[WhiteElo "2290"]
[BlackElo "2415"]
[WhiteFideId "45020000"]
[BlackFideId "12558486"]
[EventDate "2022.12.12"]

1. d4 e6 2. c4 b6 3. Nc3 Bb4 4. Qc2 Bb7 5. e4 Qh4 6. Bd3 Bxc3+ 7. bxc3 f5 8. g3
Qh5 9. Be2 Qf7 10. Bf3 fxe4 11. Bxe4 Bxe4 12. Qxe4 Nc6 13. Ba3 Nf6 14. Qf3 Rd8
15. Nh3 Na5 16. Qd3 Qg6 17. Kd2 d6 18. Rae1 e5 19. Nf4 Qxd3+ 20. Kxd3 Kf7 21.
Nd5 e4+ 22. Kc2 Nxc4 23. Nxf6 gxf6 24. Bc1 d5 25. f3 exf3 26. Ref1 Rhe8 27. Rxf3
Re2+ 28. Kb1 Rde8 29. Rhf1 R8e6 30. g4 Kg7 31. h4 Re1 32. R1f2 Rg1 33. Kc2 Rxg4
34. Rf5 c6 35. h5 Nd6 36. Bh6+ Kf7 37. R5f3 Ne4 38. Rf1 Rg2+ 39. Kb3 Ng3 40. Rc1
Ree2 41. c4 Rb2+ 42. Kc3 Rxa2 43. Kd3 Ne2 44. Rcf1 Ra3+ 45. Kd2 Rxf3 46. Rxf3
Nxd4+ 0-1

[Event "9th Sunway Sitges 2022"]
[Site "Sitges ESP"]
[Date "2022.12.17"]
[Round "6.49"]
[White "Kristoferitsch, Daniel"]
[Black "Bai, Adelard"]
[Result "1-0"]
[WhiteTitle "FM"]
[BlackTitle "FM"]
[WhiteElo "2286"]
[BlackElo "2411"]
[WhiteFideId "1642650"]
[BlackFideId "16301188"]
[EventDate "2022.12.12"]

1. d4 Nf6 2. c4 e6 3. Nc3 Bb4 4. Qc2 c5 5. dxc5 O-O 6. a3 Bxc5 7. Nf3 b6 8. Bf4
Bb7 9. Rd1 Nc6 10. b4 Be7 11. e4 Nh5 12. Be3 d6 13. Be2 Qb8 14. O-O Nf6 15. h3
Ne5 16. Nxe5 dxe5 17. Rc1 Qc7 18. f3 Nh5 19. Rfd1 Nf4 20. Bf1 Rfd8 21. Rxd8+
Rxd8 22. Nb5 Qd7 23. Nxa7 Bxe4 24. Qxe4 Qxa7 25. Rc3 f5 26. Qc6 Rd1 27. Bxf4
exf4 28. Qxe6+ Kh8 29. Qxf5 Qd7 30. Qxd7 Rxd7 31. Bd3 Bf6 32. Rb3 Kg8 33. Kf1
Kf7 34. Ke2 h6 35. Kd2 Ke6 36. Kc2 Ke5 37. Be4 Rc7 38. Rc3 Ke6 39. Bd5+ Kf5 40.
Rd3 Kg5 41. Kb3 Ra7 42. Be4 Be7 43. Rd5+ Kh4 44. Rb5 Bd8 45. Rd5 Be7 46. Rb5 Bd8
47. c5 bxc5 48. Rxc5 Kg3 49. Rc2 Bb6 50. b5 Ba5 51. a4 Rd7 52. Kc4 Bb6 53. Kb4
Rd4+ 54. Rc4 Rd2 55. Rc6 Bd4 56. Rg6+ Kh2 57. Kc4 Be3 58. b6 Rb2 59. b7 Ba7 60.
Rxg7 Ra2 61. Kb3 Rxg2 62. Rh7 h5 63. Rxh5 Rg8 64. Ra5 Bb8 65. h4 1-0

[Event "9th Sunway Sitges 2022"]
[Site "Sitges ESP"]
[Date "2022.12.17"]
[Round "6.50"]
[White "Willow, Jonah B"]
[Black "Ram, Aravind L N"]
[Result "1-0"]
[WhiteTitle "IM"]
[BlackTitle "FM"]
[WhiteElo "2409"]
[BlackElo "2272"]
[WhiteFideId "438804"]
[BlackFideId "25033760"]
[EventDate "2022.12.12"]

1. e4 c5 2. Nf3 e6 3. d4 cxd4 4. Nxd4 Nf6 5. Nc3 d6 6. g4 h6 7. Rg1 Nc6 8. Be3
Be7 9. Qe2 Nxd4 10. Bxd4 e5 11. Be3 a6 12. h4 Be6 13. g5 hxg5 14. hxg5 Nh5 15.
g6 Rc8 16. Nd5 Nf6 17. gxf7+ Kxf7 18. O-O-O Nxd5 19. exd5 Bf5 20. Rd2 Bf6 21.
Qf3 g6 22. Bd3 Qd7 23. Qg2 Bxd3 24. Rxd3 Qf5 25. Kb1 Rh4 26. Bd2 Rhc4 27. Bc3
Rf4 28. f3 b5 29. a3 Rh4 30. Qf2 Be7 31. Qa7 Rh2 32. Qxa6 Rc5 33. Re1 Rf2 34.
Qa7 Rxf3 35. Rxf3 Qxf3 36. Bxe5 Qxd5 37. Bf4 1-0

[Event "9th Sunway Sitges 2022"]
[Site "Sitges ESP"]
[Date "2022.12.17"]
[Round "6.51"]
[White "Enkhtuul, Altan-Ulzii"]
[Black "Leisch, Lukas"]
[Result "1/2-1/2"]
[WhiteTitle "WGM"]
[BlackTitle "IM"]
[WhiteElo "2285"]
[BlackElo "2405"]
[WhiteFideId "4901444"]
[BlackFideId "1632094"]
[EventDate "2022.12.12"]

1. d4 Nf6 2. c4 e6 3. Nf3 d5 4. g3 Bb4+ 5. Bd2 Bd6 6. Qc2 Nbd7 7. Bg2 c6 8. O-O
O-O 9. Bg5 h6 10. Bxf6 Nxf6 11. Nbd2 b6 12. Rfd1 Bb7 13. e4 Be7 14. Rac1 dxc4
15. Nxc4 Qc7 16. Nfe5 Rad8 17. Ne3 c5 18. b4 Qb8 19. bxc5 bxc5 20. Rb1 Rxd4 21.
Nc6 Rxd1+ 22. Qxd1 Qc7 23. Nxe7+ Qxe7 24. e5 Nd5 25. Bxd5 exd5 26. Nxd5 Bxd5 27.
Qxd5 Rd8 28. Qe4 Qe6 29. a4 g5 30. Rc1 Rd5 31. Re1 Kg7 32. a5 a6 33. Qe2 Rd4 34.
Rb1 c4 35. Rb6 Qd5 36. Rd6 Qc5 37. Rxa6 c3 38. Qh5 Qd5 39. Qxh6+ Kg8 40. Qxg5+
Kf8 41. Qh6+ Kg8 42. Qg5+ Kf8 43. Qh6+ Kg8 44. Qg5+ Kf8 1/2-1/2